The definitive guide to retail and leisure parks 2007 (Record no. 106915)
[ view plain ]
| 000 -LEADER | |
|---|---|
| fixed length control field | 00881cam a22002175a 4500 |
| 001 - CONTROL NUMBER | |
| control field | L137884 |
| 008 - FIXED-LENGTH DATA ELEMENTS--GENERAL INFORMATION | |
| fixed length control field | 070503s2007 xxkd f s 001 0 eng d |
| 035 ## - SYSTEM CONTROL NUMBER | |
| System control number | (Sirsi) u137884 |
| 041 0# - LANGUAGE CODE | |
| Language code of text/sound track or separate title | eng |
| 050 04 - LIBRARY OF CONGRESS CALL NUMBER | |
| Classification number | 333.337016 $2 18 |
| 100 1# - MAIN ENTRY--PERSONAL NAME | |
| Personal name | Wood, Trevor |
| 245 04 - TITLE STATEMENT | |
| Title | The definitive guide to retail and leisure parks 2007 |
| 260 ## - PUBLICATION, DISTRIBUTION, ETC. | |
| Place of publication, distribution, etc. | High Wycombe |
| Name of publisher, distributor, etc. | Trevor Wood Associates |
| Date of publication, distribution, etc. | 2007 |
| 300 ## - PHYSICAL DESCRIPTION | |
| Extent | xiii, 273p. |
| Other physical details | ill. |
| Dimensions | 30cm. |
| 350 ## - PRICE (NR) (BK AM CF MU VM SE) [OBSOLETE] | |
| Price | 395 |
| 520 ## - SUMMARY, ETC. | |
| Summary, etc. | Presents in-depth information regarding retail and leisure parks, letting agents and tenants, factory outlets, investment and managing agents. Detailed results for regions around the UK are presented. Data includes specific movements within commercial premises. Details developments in construction. |
| 590 ## - LOCAL NOTE (RLIN) | |
| Local note | KA |
| 651 #4 - SUBJECT ADDED ENTRY--GEOGRAPHIC NAME | |
| Geographic name | United Kingdom |
| Chronological subdivision | |
| 690 ## - LOCAL SUBJECT ADDED ENTRY--TOPICAL TERM (OCLC, RLIN) | |
| Topical term or geographic name as entry element | PROPERTY-COMMERCIAL PROPERTY-RETAIL PROPERTY |
| 942 ## - ADDED ENTRY ELEMENTS (KOHA) | |
| Suppress in OPAC | 0 |
| Withdrawn status | Lost status | Source of classification or shelving scheme | Damaged status | Not for loan | Home library | Current library | Shelving location | Date acquired | Cost, normal purchase price | Total Checkouts | Full call number | Barcode | Date last seen | Copy number | Cost, replacement price | Price effective from | Koha item type |
|---|---|---|---|---|---|---|---|---|---|---|---|---|---|---|---|---|---|
| Dewey Decimal Classification | London | London | Books | 09/05/2007 | 395.00 | F333.337016 WOO | 137884-1001 | 06/08/2019 | 1 | 395.00 | 06/08/2019 | Book |